LEADER 01985oas 2200721 a 450 001 9910895372803321 005 20260218110211.0 035 $a(DE-599)ZDB2395995-2 035 $a(OCoLC)226370277 035 $a(CONSER) 2008263577 035 $a(CKB)1000000000375788 035 $a(DE-599)2395995-2 035 $a(EXLCZ)991000000000375788 100 $a20080429b20072020 sy 101 0 $aeng 135 $aur||||||||||| 181 $ctxt$2rdacontent 182 $cc$2rdamedia 183 $acr$2rdacarrier 200 04$aThe open pediatric medicine journal 210 $a[Hilversum] $c[Bentham Science Publishers]$d[2007]-[2020] 215 $a1 online resource (10 volumes) 300 $aRefereed/Peer-reviewed 311 08$a1874-3099 517 1 $aTOPMJ 606 $aPediatrics$vPeriodicals 606 $aChildren$xDiseases$vPeriodicals 606 $aChildren$xHealth and hygiene$vPeriodicals 606 $aPe?diatrie$vPe?riodiques 606 $aEnfants$xMaladies$vPe?riodiques 606 $aChildren$xDiseases$2fast$3(OCoLC)fst00854907 606 $aChildren$xHealth and hygiene$2fast$3(OCoLC)fst00854953 606 $aPediatrics$2fast$3(OCoLC)fst01056503 608 $aPeriodicals.$2fast 615 0$aPediatrics 615 0$aChildren$xDiseases 615 0$aChildren$xHealth and hygiene 615 6$aPe?diatrie 615 6$aEnfants$xMaladies 615 7$aChildren$xDiseases. 615 7$aChildren$xHealth and hygiene. 615 7$aPediatrics. 676 $a610 801 0$bOCLCS 801 1$bOCLCS 801 2$bOCLCS 801 2$bSNM 801 2$bTXA 801 2$bOCLCQ 801 2$bOCLCF 801 2$bOCLCO 801 2$bOCLCQ 801 2$bVT2 801 2$bCUS 801 2$bOCLCQ 801 2$bLND 801 2$bOCLCQ 801 2$bOCLCL 801 2$bOCLCQ 906 $aJOURNAL 912 $a9910895372803321 996 $aThe open pediatric medicine journal$94235824 997 $aUNINA